À la découverte de la francophonie dans le monde avec des émissions de radio
Uloženo v:
| Hlavní autor: | |
|---|---|
| Médium: | Kniha |
| Jazyk: | Spanish |
| Vydáno: |
Heredia, Costa Rica
EUNA
2017
|
| Témata: | |
| Tagy: |
Přidat tag
Žádné tagy, Buďte první, kdo vytvoří štítek k tomuto záznamu!
|
MARC
| LEADER | 00000nam a22000007a 4500 | ||
|---|---|---|---|
| 008 | 181112b xxu||||| |||| 00| 0 spa d | ||
| 020 | |a 978-9977-65-473-7 | ||
| 040 | |a cru BVZT | ||
| 090 | |a 415-F B-3.1d | ||
| 100 | |a Boza Araya, Virginia | ||
| 245 | |a À la découverte de la francophonie dans le monde avec des émissions de radio |c Virginia Boza Araya , Verónica Chinchilla Murillo | ||
| 260 | |a Heredia, Costa Rica |b EUNA |c 2017 | ||
| 300 | |a 199 páginas |e Acompañado por 1 disco compacto | ||
| 630 | |l Francés | ||
| 650 | 0 | |9 215 |a GRAMÁTICA FRANCESA | |
| 650 | 0 | |9 118 |a LINGÜÍSTICA APLICADA | |
| 650 | 0 | |9 216 |a ASPECTOS CULTURALES | |
| 650 | 0 | |9 217 |a RADIODIFUSIÓN | |
| 650 | 0 | |9 218 |a LIBRO DE TEXTO | |
| 650 | 0 | |9 219 |a ENSEÑANZA DE IDIOMAS | |
| 650 | 0 | |9 220 |a PEDAGOGÍAS | |
| 999 | |c 30644 |d 30644 | ||
| 942 | |c LIB |h 415-F B-3.1d |2 z | ||



